Neue Hundert Weltwunder Naturgeheimnisse und außerordentliche Erscheinungen auf und unter der Erde, im Stein-, Thier- und Pflanzenreiche, im Meere, in der Luft und an dem Monde

Bibliographic Details
Main Author: Girard de Propiac, Catherine-Joseph Ferdinand, cca1760-1823 (Author)
Other Authors: Werfer, Karol, 1790-1846 (Printer)
Format: Book
Language:German
PhysicalDescription:VIII číslovaných strán, 342 číslovaných strán ilustrácie, frontispice 21 cm
Published: Kaschau Verlag von Otto Wigand 1824
Subjects:

MARC

LEADER 00000nam a2200000 4500
001 vtls012233632
003 SK-MaSNL
005 20260302084037.0
008 230621t1824 xo a r 000 0 ger
040 |a SNKHF  |b slo  |c SNK  |e rda 
041 0 |a ger 
044 |a xo  |c SK 
072 7 |a 502  |x Životné prostredie a jeho ochrana  |2 konspekt 
080 |a 502.172(1‑751.4)  |2 2011 
080 |a 502.2  |2 2011 
080 |a 551.1/.4  |2 2011 
100 1 |a Girard de Propiac, Catherine-Joseph Ferdinand,  |d cca1760-1823  |4 aut  |9 752707 
245 1 4 |a Neue Hundert Weltwunder  |b Naturgeheimnisse und außerordentliche Erscheinungen auf und unter der Erde, im Stein-, Thier- und Pflanzenreiche, im Meere, in der Luft und an dem Monde  |s Zweckmäßig geordnete und viel vermehrte Uebersetzung von des Ritters von Propiac neu erschienenen Merveilles du monde. Paris. Mit Kupfern 
264 1 |a Kaschau  |b Verlag von Otto Wigand  |c 1824 
264 3 |a [Kaschau]  |b [Gedruckt bey Carl Werfer]  |c [1824] 
300 |a VIII číslovaných strán, 342 číslovaných strán  |b ilustrácie, frontispice  |c 21 cm 
336 |a text  |b txt  |2 rdacontent 
337 |a bez média  |b n  |2 rdamedia 
338 |a zväzok  |b nc  |2 rdacarier 
500 |a Ilustrácie pred titulným listom 
500 |a Údaje o tlačiarovi z SVKK 
504 |a Obsahuje miestny register 
562 |a Defektný exemplár - chýba zadná strana obálky, kde sú uvedené údaje o tlačiarovi.  |5 SNK SD 37273 
563 |a Pôvodná brožovaná väzba zviazaná do tvrdej plátenej väzby.  |5 SNK SD 37273 
650 0 7 |a prírodné dedičstvo  |2 SNKPH  |9 28630 
650 0 7 |a príroda  |2 SNKPH  |9 3813 
650 0 7 |a geológia  |2 SNKPH  |9 167377 
650 0 7 |a flóra  |2 SNKPH  |9 85117 
650 0 7 |a fauna  |2 SNKPH  |9 3748 
700 1 |a Werfer, Karol,  |d 1790-1846  |4 prt  |9 187511 
700 1 |a Wigand, Oto,  |d 1795-1870  |4 pbl  |9 160908 
752 |a Košice  |d Slovensko 
852 |a snk  |p SD 37273 
958 |a ONDV 
958 |a ‬‬DD 
999 |c 1186421  |d 1188351 
952 |a SNK  |b SNK  |y PREZ  |7 0  |p 17A0800355  |o snkSD 37273  |i snkF 1479/70  |8 5  |0 0  |1 0  |4 0  |d 2023-06-21  |l 0  |r 2026-02-24 21:55:58  |w 2026-02-24